[Event "AUTO-BEG-380"]
[Site "http://www.queenalice.com/game.php?id=731066"]
[Date "2010.2.12"]
[Round "1"]
[White "marcosoda"]
[Black "toin"]
[Result "0-1"]
[WhiteElo "1242"]
[BlackElo "1347"]

1. e4 d5 2. Bb5+ c6 3. Bd3 dxe4 4. Bxe4 Nf6 5. Qf3 Nxe4 6. Qxe4 Qd5 7. d3 f5 8.
Qxd5 cxd5 9. Bf4 Nd7 10. Nf3 e6 11. Nc3 Bb4 12. O-O h6 13. Nb5 Ba5 14. Nd6+ Ke7
15. Nxc8+ Raxc8 16. Rfc1 g5 17. Be5 Rhg8 18. c4 dxc4 19. Bc3 Bxc3 20. Rxc3 cxd3
21. Rxd3 Nb6 22. g3 Rc2 23. Rd2 Rgc8 24. Rxc2 Rxc2 25. b4 Nd5 26. Nd4 Rc4 27.
Rd1 Rxb4 28. Nc2 Rb2 29. Rxd5 exd5 30. Nd4 Rxa2 31. Nxf5+ Kf6 32. Nxh6 d4 33.
Ng4+ Ke7 34. Ne5 Ra3 35. Kg2 d3 36. Nc4 Ra2 37. Kf1 b5 38. Ne3 Rc2 39. Ke1 Ra2
40. Kd1 Rxf2 41. Ng4 Rg2 0-1

[Event "AUTO-BEG-380"]
[Site "http://www.queenalice.com/game.php?id=731067"]
[Date "2010.2.12"]
[Round "1"]
[White "toin"]
[Black "marcosoda"]
[Result "1-0"]
[WhiteElo "1361"]
[BlackElo "1254"]

1. d4 d5 2. Nc3 Nf6 3. Bf4 Qd7 4. e3 Ne4 5. Nxe4 dxe4 6. Ne2 Qg4 7. Bxc7 Na6 8.
Bg3 g6 9. Nc3 Nb4 10. Be2 Qg5 11. Nxe4 Qd5 12. Bf3 Qc4 13. c3 Nd3+ 14. Kd2 Nxb2
15. Be2 Nxd1 16. Bxc4 Nb2 17. Bb3 Bf5 18. f3 e6 19. Be5 Bxe4 20. Bxh8 Bd3 21. a4
O-O-O 22. Bf6 Rd6 23. Ra2 Nc4+ 24. Kxd3 Na5 25. Rb1 Rb6 26. Rab2 Ba3 27. Kc2 Rc6
28. Ra2 Bb4 29. c4 Nxc4 30. Bxc4 Rxc4+ 31. Kb3 Bd2 32. Kxc4 Bxe3 33. Rc2 1-0

[Event "Challenge"]
[Site "http://www.queenalice.com/game.php?id=772075"]
[Date "2010.5.7"]
[Round "-"]
[White "Petrucio"]
[Black "marcosoda"]
[Result "0-1"]
[WhiteElo "1469"]
[BlackElo "1299"]

1. f4 Nh6 2. b4 e6 3. a3 Qf6 4. c3 Qxf4 5. e3 Qh4+ 6. g3 Qe4 7. Nf3 b6 8. d3 Qg4
9. e4 Qh5 10. Ne5 Qxd1+ 11. Kxd1 g6 12. Ra2 d6 13. Nf3 Ng4 14. Ke2 d5 15. h3 Nf6
16. Bg5 Nh5 17. Kf2 h6 18. Bh4 g5 19. g4 Nf4 20. Bg3 Bd6 21. e5 Be7 22. h4 Nc6
23. hxg5 h5 24. a4 f5 25. Bxf4 fxg4 26. Nh4 Rf8 27. Kg3 d4 28. Bg2 Bb7 29. Be4
O-O-O 30. b5 Na5 31. Rb2 dxc3 32. Nxc3 Bxe4 33. dxe4 Rd3+ 34. Kf2 Rxf4+ 35. Ke2
Rxc3 36. Rd2 Nc4 37. Rd4 Re3+ 38. Kd1 Nxe5 39. Ng2 Bc5 40. Rd2 Rfxe4 41. Rf1 Nf3
42. Rdf2 Re1+ 43. Nxe1 Nxe1 44. Rh2 Nd3 45. Kd2 Nf4 46. Rc1 Be3+ 47. Kc2 Rc4+
48. Kb3 Rxc1 49. g6 Nxg6 50. Re2 g3 51. Rxe3 g2 52. Rg3 g1=Q 53. Re3 Qxe3+ 54.
Kb2 Qc3+ 0-1

[Event "Challenge"]
[Site "http://www.queenalice.com/game.php?id=774798"]
[Date "2010.5.13"]
[Round "-"]
[White "marcosoda"]
[Black "claudius46"]
[Result "1-0"]
[WhiteElo "1257"]
[BlackElo "1277"]

1. d4 Nh6 2. e4 d5 3. e5 Nc6 4. Bb5 a6 5. Bxc6+ bxc6 6. Bxh6 gxh6 7. Qd3 Rb8 8.
b3 e6 9. Qc3 Rb6 10. a3 Rg8 11. g3 Qg5 12. Nf3 Qf5 13. a4 Rg4 14. O-O Bb4 15.
Qe3 Qxc2 16. Nbd2 Bxd2 17. Nxd2 c5 18. Qxh6 Qd3 19. f3 Qe3+ 20. Qxe3 Rg7 21. Qh6
Kf8 22. f4 Rb4 23. dxc5 a5 24. Qh3 Rd4 25. Nf3 Rd3 26. b4 axb4 27. Ng5 Rc3 28.
Nxh7+ Ke7 29. Qh4+ Kd7 30. Nf6+ Kc6 31. Qh8 Rgxg3+ 32. hxg3 Rxg3+ 33. Kh2 Ra3
34. Qe8+ Kxc5 35. Qb5+ Kd4 36. Qxb4+ Ke3 37. Ng4+ Ke2 38. Qxa3 Kd2 39. Ra2# 1-0

[Event "Challenge"]
[Site "http://www.queenalice.com/game.php?id=774922"]
[Date "2010.5.13"]
[Round "-"]
[White "claudius46"]
[Black "marcosoda"]
[Result "0-1"]
[WhiteElo "1500"]
[BlackElo "1230"]

1. e4 Nf6 2. e5 Ne4 3. Nc3 Nxc3 4. dxc3 e6 5. Qf3 c6 6. Nh3 Be7 7. Bd3 d5 8. Nf4
Bg5 9. Nh5 O-O 10. Qg4 f5 11. Bxg5 fxg4 12. Bxd8 Rxd8 13. O-O b6 14. Rae1 g6 15.
Re3 gxh5 16. f3 Nd7 17. fxg4 hxg4 18. Rf4 Bb7 19. Rg3 Nxe5 20. Be2 Rf8 21. Rf1
Kh8 22. Re3 Nc4 23. Bxc4 dxc4 24. h3 gxh3 25. g3 c5 26. Rxe6 Bd5 27. Re7 Rxf1+
28. Kxf1 h2 29. Re1 Rf8+ 30. Ke2 Re8+ 31. Kd2 Rxe1 32. Kxe1 h1=Q+ 33. Ke2 Qf3+
34. Ke1 Qe3+ 35. Kd1 Bf3# 0-1

[Event "Challenge"]
[Site "http://www.queenalice.com/game.php?id=775998"]
[Date "2010.5.15"]
[Round "-"]
[White "claudius46"]
[Black "marcosoda"]
[Result "0-1"]
[WhiteElo "1110"]
[BlackElo "1267"]

1. e4 e5 2. Nf3 d6 3. Bc4 h6 4. Ng1 Qg5 5. Qf3 Nf6 6. Bb3 Bg4 7. Qc3 Be7 8. Qxc7
Nbd7 9. Qxb7 O-O 10. Na3 Be6 11. Bxe6 fxe6 12. g3 Rfb8 13. Qa6 Nxe4 14. Nf3 Qf5
15. O-O Qxf3 16. Qc4 d5 17. Qc7 Rf8 18. Qb7 Nxf2 19. Rxf2 Qxf2+ 0-1

[Event "Challenge"]
[Site "http://www.queenalice.com/game.php?id=777118"]
[Date "2010.5.17"]
[Round "-"]
[White "marcosoda"]
[Black "FC"]
[Result "1-0"]
[WhiteElo "1277"]
[BlackElo "1437"]

1. e4 e5 2. Qh5 Nf6 3. Qxe5+ Be7 4. d4 d6 5. Qg3 Nxe4 6. Qxg7 Bf6 7. Qh6 Bxd4 8.
Qf4 d5 9. f3 Bxg1 10. fxe4 Bc5 11. Qe5+ Be6 12. Qxh8+ Ke7 13. Bg5+ f6 14. Bxf6+
Kd7 15. Qxd8+ Kc6 16. Qe8+ Nd7 17. Qxe6+ Bd6 18. Qxd5+ Kb6 19. Qb3+ Kc6 20. Qa4+
Kc5 21. Qb5# 1-0

[Event "Challenge"]
[Site "http://www.queenalice.com/game.php?id=777575"]
[Date "2010.5.19"]
[Round "-"]
[White "FC"]
[Black "marcosoda"]
[Result "0-1"]
[WhiteElo "1472"]
[BlackElo "1393"]

1. e4 e5 2. Nf3 d6 3. Bb5+ Bd7 4. Bxd7+ Nxd7 5. O-O Qf6 6. d3 h6 7. Nc3 c6 8. d4
d5 9. dxe5 Nxe5 10. Nxe5 Qxe5 11. exd5 O-O-O 12. Re1 Qf5 13. Qe2 Ne7 14. dxc6
Nxc6 15. Nb5 Bb4 16. c3 Rhe8 17. Be3 a6 18. Nd4 Nxd4 19. Qc4+ Kb8 20. Qxb4 Nc2
21. Bf4+ Ka8 22. Qc4 Rxe1+ 23. Rxe1 Nxe1 24. Qc7 Rc8 25. Qd6 Qb1 26. g3 Nf3+ 27.
Kg2 Ne1+ 28. Kh3 Qf5+ 29. g4 Qe4 30. g5 Qg2+ 31. Kh4 Nf3+ 32. Kh5 Qh3# 0-1

[Event "Newfight"]
[Site "http://www.queenalice.com/game.php?id=777770"]
[Date "2010.5.19"]
[Round "-"]
[White "marcosoda"]
[Black "Diogolopes"]
[Result "1-0"]
[WhiteElo "1403"]
[BlackElo "1007"]

1. e4 e5 2. Qh5 Nf6 3. Qxe5+ Qe7 4. Qxe7+ Bxe7 5. d3 Bb4+ 6. c3 Ba5 7. g3 d5 8.
e5 Ng4 9. b4 Bb6 10. d4 O-O 11. Be2 Nh6 12. Bxh6 gxh6 13. Nf3 a5 14. O-O Bf5 15.
Na3 Bh3 16. Rfe1 Nc6 17. Bb5 Na7 18. Bf1 Bg4 19. Nh4 axb4 20. cxb4 Nc6 21. Nc2
f5 22. e6 Bxd4 23. e7 Bxa1 24. exf8=Q+ Rxf8 25. Nxa1 Nxb4 26. f3 Bh5 27. h3 d4
28. g4 fxg4 29. hxg4 Nd3 30. Bxd3 Bf7 31. Nc2 Rd8 32. Nf5 Bxa2 33. Ncxd4 c5 34.
Ra1 Bd5 35. Ne7+ Kf7 36. Nxd5 Rxd5 37. Bc4 cxd4 38. Bxd5+ Kf6 39. Bxb7 Kg5 40.
Ra5+ Kh4 41. Bc8 d3 42. Kg2 d2 43. Rh5# 1-0

[Event "Challenge"]
[Site "http://www.queenalice.com/game.php?id=777788"]
[Date "2010.5.19"]
[Round "-"]
[White "Petrucio"]
[Black "marcosoda"]
[Result "0-1"]
[WhiteElo "1468"]
[BlackElo "1354"]

1. Nf3 f6 2. g4 d6 3. h3 c5 4. c3 Nc6 5. c4 e5 6. a4 Be6 7. Qb3 Na5 8. Qb5+ Bd7
9. Qxa5 Qxa5 10. Nh4 g5 11. Nf3 Bc6 12. Ra3 Qb4 13. h4 Qxc4 14. Rc3 Qxg4 15. Bh3
Qh5 16. Rg1 Be7 17. Bg4 Qg6 18. Na3 Bxa4 19. b3 Bd7 20. h5 Qg7 21. Nh2 Bxg4 22.
Nxg4 Nh6 23. Nb5 Bd8 24. Nxd6+ Ke7 25. Nxb7 Nxg4 26. Rxg4 Qh6 27. Rh3 Bb6 28. d3
Rab8 29. Nd6 Kxd6 30. Bd2 Rhg8 31. b4 f5 32. Rc4 a5 33. bxa5 Bxa5 34. Bxa5 Rb1+
35. Kd2 Ra8 36. Bb6 g4+ 37. Re3 Rxb6 38. Kc2 Ra2+ 39. Kc3 g3 40. Rxg3 Qc1# 0-1

[Event "odinn"]
[Site "http://www.queenalice.com/game.php?id=778235"]
[Date "2010.5.20"]
[Round "1"]
[White "marcosoda"]
[Black "FranzMeM"]
[Result "1-0"]
[WhiteElo "1330"]
[BlackElo "1535"]

1. e4 d5 2. d3 e5 3. Nf3 Bg4 4. Be2 Nc6 5. c3 Nf6 6. Qa4 Bd6 7. exd5 Nxd5 8.
Qxg4 O-O 9. Bh6 Qf6 10. Bg5 Qg6 11. Nh4 f5 12. Nxg6 fxg4 13. Nxf8 Rxf8 14. Bxg4
a5 15. Bf3 Bc5 16. Bxd5+ Kh8 17. O-O h6 18. Be3 Be7 19. Bxc6 bxc6 20. Nd2 a4 21.
b3 axb3 22. Nxb3 g5 23. Bc5 Bxc5 24. Nxc5 h5 25. a4 g4 26. Ne6 Rc8 27. g3 Kh7
28. a5 Kg6 29. Rfe1 Kf6 30. Nc5 Rd8 31. a6 Kf5 32. a7 Ra8 33. Reb1 Kf6 34. Nd7+
Ke6 35. Rb8 Rxa7 36. Rxa7 Kxd7 37. Rh8 c5 38. Rxh5 Kd6 39. Ra6+ c6 40. Rh6+ Kd5
41. Raxc6 e4 42. Rhd6+ Ke5 43. d4+ cxd4 44. cxd4+ Kf5 45. Rc5# 1-0

[Event "marcosoda"]
[Site "http://www.queenalice.com/game.php?id=778867"]
[Date "2010.5.21"]
[Round "-"]
[White "foda"]
[Black "marcosoda"]
[Result "0-1"]
[WhiteElo "1469"]
[BlackElo "1410"]

1. e4 d5 2. exd5 Qxd5 3. Nc3 Qe5+ 4. Be2 Qg5 5. d4 Qxg2 6. Bf3 Qg6 7. Be4 Qb6 8.
d5 f5 9. Be3 Qxb2 10. Na4 Qb4+ 11. Qd2 Qxe4 12. f3 Qh4+ 13. Bf2 Qxa4 14. Qd4
Qxd4 15. Bxd4 e6 16. dxe6 Bxe6 17. a4 Nc6 18. c3 O-O-O 19. Rd1 Nxd4 20. cxd4
Bb4+ 21. Kf1 Nf6 22. Nh3 h6 23. Nf4 Nd5 24. Nxe6 Rd7 25. Nxg7 Rxg7 26. Rg1 Ne3+
27. Ke2 Nxd1 28. Rxg7 Nc3+ 29. Kd3 Nxa4 30. Kc4 a5 31. Kb5 Nc3+ 32. Kc4 b5+ 33.
Kb3 Ne2 34. Rf7 Nxd4+ 35. Kb2 Re8 36. Rh7 Bf8 37. f4 Re7 38. Rh8 Ne6 39. h4 Kd7
40. Rg8 Rg7 41. Rh8 Rg2+ 42. Kc1 a4 43. Rh7+ Bg7 44. Kd1 Nf8 45. Rxg7+ Rxg7 46.
Kc1 Ne6 47. Kb1 Nxf4 48. Kb2 c6 49. Ka3 Ng2 50. h5 f4 51. Kb2 f3 52. Kb1 f2 53.
Kc2 f1=Q 54. Kd2 Qe1+ 55. Kc2 Rg3 56. Kb2 Rb3+ 57. Ka2 Qb1# 0-1

[Event "Challenge"]
[Site "http://www.queenalice.com/game.php?id=781381"]
[Date "2010.5.27"]
[Round "-"]
[White "Petrucio"]
[Black "marcosoda"]
[Result "0-1"]
[WhiteElo "1432"]
[BlackElo "1375"]

1. Nf3 Nc6 2. Ng5 f6 3. d3 fxg5 4. Bxg5 h6 5. Bf4 e5 6. Bg3 d6 7. e4 Nf6 8. h4
Ng4 9. Qf3 Nd4 10. Qd1 d5 11. c3 Nc6 12. d4 exd4 13. c4 Bb4+ 14. Ke2 Qf6 15. f3
Ne3 16. Qd3 dxe4 17. Qxe4+ Be6 18. b3 O-O-O 19. a3 d3+ 20. Kxe3 d2 21. Be2 Bc5+
22. Qd4 Qxd4# 0-1

[Event "AUTO-INT-1713"]
[Site "http://www.queenalice.com/game.php?id=782374"]
[Date "2010.5.29"]
[Round "1"]
[White "Huevo"]
[Black "marcosoda"]
[Result "1-0"]
[WhiteElo "1565"]
[BlackElo "1420"]

1. e4 e5 2. Nf3 Nc6 3. Bc4 Qf6 4. d3 h6 5. O-O Na5 6. Bb3 d6 7. Nc3 c6 8. Bd2
Nxb3 9. axb3 Bg4 10. Be3 Bxf3 11. Qxf3 Qxf3 12. gxf3 Nf6 13. Rxa7 Rxa7 14. Bxa7
Be7 15. Ra1 O-O 16. Be3 d5 17. exd5 cxd5 18. d4 exd4 19. Bxd4 Bb4 20. Bxf6 Bxc3
21. Bxc3 Rc8 22. Ra7 Rxc3 23. bxc3 1-0

[Event "AUTO-INT-1713"]
[Site "http://www.queenalice.com/game.php?id=782375"]
[Date "2010.5.29"]
[Round "1"]
[White "marcosoda"]
[Black "Huevo"]
[Result "1-0"]
[WhiteElo "1396"]
[BlackElo "1589"]

1. e4 e5 2. Qh5 d6 3. Nf3 Nf6 4. Qg5 h6 5. Qe3 Ng4 6. Qb3 b6 7. h3 Nf6 8. Bc4
Be6 9. d4 Bxc4 10. Qxc4 Nxe4 11. Qd5 Nd7 12. Qxe4 Be7 13. dxe5 dxe5 14. Nc3 O-O
15. Nxe5 Nxe5 16. Qxe5 Re8 17. O-O Bb4 18. Qd5 Bxc3 19. Qxd8 Raxd8 20. bxc3 Re2
21. Bf4 c5 22. Rac1 b5 23. Rfe1 Rde8 24. Kf1 c4 25. Rxe2 1-0

[Event "AUTO-INT-1713"]
[Site "http://www.queenalice.com/game.php?id=782388"]
[Date "2010.5.29"]
[Round "1"]
[White "rodrigohuii"]
[Black "marcosoda"]
[Result "1-0"]
[WhiteElo "1585"]
[BlackElo "1405"]

1. e4 e5 2. Nf3 f6 3. Bc4 Bc5 4. Bxg8 Rxg8 5. d4 Bxd4 6. Nxd4 exd4 7. Qxd4 Qe7
8. O-O Nc6 9. Qc4 Qe6 10. Na3 Qxc4 11. Nxc4 d6 12. Bd2 Be6 13. Na5 Nxa5 14. Bxa5
b6 15. Bc3 O-O-O 16. f4 f5 17. e5 g5 18. exd6 Rxd6 19. Be5 Rd2 20. fxg5 Rxc2 21.
Rfc1 Rxc1+ 22. Rxc1 c5 23. Bf6 Bxa2 24. Ra1 Bd5 25. Rxa7 h6 26. h4 Kb8 27. Rd7
Be6 28. Rd8+ Rxd8 29. Bxd8 hxg5 30. Bxb6 gxh4 31. Bxc5 Bd7 32. Bf2 f4 33. Bxh4
Bc6 34. Kf2 Kb7 35. Bg5 Bxg2 36. Kxg2 Kb6 37. Bxf4 Kb5 38. Kf2 Kb4 39. Ke3 Kb3
40. Be5 Kb4 41. Kd3 Kb3 42. Bc3 Ka4 43. Kc2 Kb5 44. b4 Kc4 45. Kb2 Kb5 46. Kb3
Kb6 47. Kc4 Ka6 48. Kc5 Kb7 49. b5 Kc7 50. b6+ Kb7 51. Kb5 Kb8 52. Ka6 Ka8 53.
b7+ Kb8 54. Be5# 1-0

[Event "AUTO-INT-1713"]
[Site "http://www.queenalice.com/game.php?id=782389"]
[Date "2010.5.29"]
[Round "1"]
[White "marcosoda"]
[Black "rodrigohuii"]
[Result "0-1"]
[WhiteElo "1412"]
[BlackElo "1576"]

1. e4 e5 2. Qh5 Nf6 3. Qxe5+ Qe7 4. Qxc7 Na6 5. Bxa6 bxa6 6. d3 Qb4+ 7. c3 Qb7
8. Qe5+ Be7 9. Nf3 O-O 10. Ng5 d6 11. Qg3 Nh5 12. Qh4 Bxg5 13. Bxg5 g6 14. Be7
Qxb2 15. Bxd6 Be6 16. O-O Rfd8 17. Be7 Rd7 18. Na3 Re8 19. Nc4 Qxc3 20. Rac1
Qxd3 21. Ne5 Qb5 22. Rc5 Qb7 23. Nxd7 Qxd7 24. g4 Nf4 25. Re1 Nd3 26. Bf6 h5 27.
Rcc1 Bxg4 28. f3 Nxe1 29. Rxe1 Bxf3 30. Qg5 Bxe4 31. Qf4 Bc6 32. Bc3 Rxe1+ 33.
Bxe1 Qe8 34. Qd2 Qe4 35. Qd8+ Kg7 36. Bc3+ Kh6 37. Qf8+ Kg5 38. Qd8+ Kg4 39.
Qd1+ Qf3 40. Qxf3+ Kxf3 41. h4 Kg4 42. Bf6 Bd5 43. a3 Bb3 0-1

[Event "AUTO-INT-1713"]
[Site "http://www.queenalice.com/game.php?id=782398"]
[Date "2010.5.29"]
[Round "1"]
[White "marcosoda"]
[Black "Clausimausi"]
[Result "1-0"]
[WhiteElo "1428"]
[BlackElo "1431"]

1. e4 e5 2. Qh5 Nc6 3. c3 Nf6 4. Qf3 d5 5. exd5 Ne7 6. Bb5+ Bd7 7. d6 cxd6 8.
Qxb7 g6 9. d4 Bg7 10. Bg5 O-O 11. Bxf6 Bxb5 12. Bxe7 Rb8 13. Bxd8 Rxb7 14. Ba5
exd4 15. cxd4 Re8+ 16. Kd1 Bxd4 17. Nf3 Bxb2 18. Bc3 Bxa1 19. Bxa1 Be2+ 20. Kd2
Bxf3 21. gxf3 Rbe7 22. Nc3 d5 23. Kd3 Rd7 24. Kd4 Rc8 25. Rb1 Rc4+ 26. Kd3 Rc8
27. Kd2 Rcd8 28. Nb5 Rb8 29. Be5 Rbb7 30. a4 a6 31. Nc3 Re7 32. Rxb7 Rxe5 33. f4
Rf5 34. Ke3 h6 35. Rd7 g5 36. fxg5 Re5+ 37. Kf3 Rxg5 38. Nxd5 Rh5 39. Nf6+ 1-0

[Event "AUTO-INT-1713"]
[Site "http://www.queenalice.com/game.php?id=782399"]
[Date "2010.5.29"]
[Round "1"]
[White "Clausimausi"]
[Black "marcosoda"]
[Result "1/2-1/2"]
[WhiteElo "1434"]
[BlackElo "1428"]

1. e4 e6 2. Nf3 Nf6 3. Nc3 Bb4 4. Bc4 Bxc3 5. bxc3 d5 6. exd5 exd5 7. Bb3 Qe7+
8. Qe2 Qxe2+ 9. Kxe2 Nc6 10. Re1 O-O 11. Kf1 Bg4 12. Nd4 Nxd4 13. cxd4 Rae8 14.
Bb2 Rxe1+ 15. Rxe1 b6 16. Re7 Rc8 17. h3 Bd1 18. Re1 Bh5 19. g4 Bg6 20. f4 Be4
21. g5 Nh5 22. d3 Ng3+ 23. Kf2 Nh1+ 24. Ke3 Bg2 25. Rg1 Re8+ 26. Kd2 Bf3 27. Re1
Rxe1 28. Kxe1 Bg2 29. c4 dxc4 30. dxc4 Be4 31. h4 1/2-1/2

[Event "odinn"]
[Site "http://www.queenalice.com/game.php?id=808942"]
[Date "2010.7.26"]
[Round "2"]
[White "cladouceur"]
[Black "marcosoda"]
[Result "0-1"]
[WhiteElo "1337"]
[BlackElo "1444"]

1. e4 e5 2. Qf3 Nf6 3. b4 Nc6 4. a3 Nd4 5. Qd3 d5 6. Bb2 dxe4 7. Qc4 Be6 8. Qc3
Nd5 9. Qc4 b5 10. Qxb5+ Nxb5 11. Bxb5+ Bd7 12. Bxd7+ Qxd7 13. Bxe5 Bd6 14. Bxg7
Rg8 15. Bd4 Rxg2 16. f3 Qe6 17. Nc3 exf3+ 18. Kf1 Qg4 19. h3 Qxd4 20. Nxf3 Qf2#
0-1

[Event "odinn"]
[Site "http://www.queenalice.com/game.php?id=885128"]
[Date "2011.1.12"]
[Round "4"]
[White "marcosoda"]
[Black "ananda"]
[Result "0-1"]
[WhiteElo "1473"]
[BlackElo "1685"]

1. e4 e6 2. e5 d5 3. d4 c5 4. Bb5+ Bd7 5. Bxd7+ Nxd7 6. Nf3 cxd4 7. Bg5 Qb6 8.
Qxd4 Bc5 9. Qc3 Bb4 10. Qxb4 Qxb4+ 0-1

[Event "odinn"]
[Site "http://www.queenalice.com/game.php?id=905481"]
[Date "2011.2.25"]
[Round "5"]
[White "LEOKnopp"]
[Black "marcosoda"]
[Result "1-0"]
[WhiteElo "1514"]
[BlackElo "1465"]

1. e4 e5 2. Nf3 d6 3. Bc4 Qf6 4. d4 Bg4 5. Bg5 Qg6 6. dxe5 Qxe4+ 7. Be2 Qb4+ 8.
c3 Qxb2 9. Nbd2 Qxc3 10. Rc1 Qa5 11. O-O Nd7 12. Nc4 Qxa2 13. exd6 cxd6 14.
Nxd6+ Bxd6 15. Qxd6 Qxe2 16. Rfe1 Qe6 17. Rxe6+ fxe6 18. Ne5 Nxe5 19. Rc7 Ne7
20. Qxe7# 1-0